Analyzing experimental data by regression / (Record no. 181410)
[ view plain ]
| 000 -LEADER | |
|---|---|
| fixed length control field | 01580 a2200217 4500 |
| 003 - CONTROL NUMBER IDENTIFIER | |
| control field | Nust |
| 005 - DATE AND TIME OF LATEST TRANSACTION | |
| control field | 20230819095823.0 |
| 010 ## - LIBRARY OF CONGRESS CONTROL NUMBER | |
| LC control number | 81015576 |
| 020 ## - INTERNATIONAL STANDARD BOOK NUMBER | |
| International Standard Book Number | 0534979637 : |
| 040 ## - CATALOGING SOURCE | |
| Transcribing agency | Nust |
| 082 00 - DEWEY DECIMAL CLASSIFICATION NUMBER | |
| Classification number | 519.536,ALL |
| 100 1# - MAIN ENTRY--PERSONAL NAME | |
| Personal name | Allen, David M., |
| 9 (RLIN) | 114195 |
| 245 10 - TITLE STATEMENT | |
| Title | Analyzing experimental data by regression / |
| Statement of responsibility, etc. | David M. Allen, Foster B. Cady. |
| 260 ## - PUBLICATION, DISTRIBUTION, ETC. | |
| Place of publication, distribution, etc. | Belmont, Calif. : |
| Name of publisher, distributor, etc. | Lifetime Learning Publications, |
| Date of publication, distribution, etc. | c1982. |
| 300 ## - PHYSICAL DESCRIPTION | |
| Extent | xvi, 394 p. : |
| Other physical details | ill. ; |
| Dimensions | 24 cm. |
| 505 ## - FORMATTED CONTENTS NOTE | |
| Formatted contents note | Strategy of Data Analysis (Page-2), Data Link Between Research Objectives and Analysis (Page-8), Model Formulation and Inferences (Page-16), Fitting the Mean Model (Page-30), Fitting a Straight Line Model (Page-38), Analysis of Variance (Page-49), Computations for Multivariable Models (Page-56), Coping with Model Violations (Page-68), Case Study Dose Dependent Blood Pressure Data (Page-80), Interpreting Regression Coefficients in Two Variable Models (Page-90), Data Reduction by Regressions (Page-104), Generalizing Beyond the Data (Page-120), Comparison of Candidate Models (Page-134), Case Study Land Evaluation Data (Page-150), Analysis of Sample Means (Page-162), Model Selections with Many Explanatory Variables (Page-246), Coping with Large Standard Error and Unrealistic Estimates (Page-260), Split Experimental Units and Repeated Measures (Page-276), Nonlinear Models (Page-297), A Regression Program for Microcomputers (Page-310). |
| 650 #0 - SUBJECT ADDED ENTRY--TOPICAL TERM | |
| Topical term or geographic name entry element | Experimental design. |
| 9 (RLIN) | 10527 |
| 650 #0 - SUBJECT ADDED ENTRY--TOPICAL TERM | |
| Topical term or geographic name entry element | Regression analysis. |
| 700 1# - ADDED ENTRY--PERSONAL NAME | |
| Personal name | Cady, Foster B., |
| Dates associated with a name | 1931- |
| 9 (RLIN) | 114196 |
| 942 ## - ADDED ENTRY ELEMENTS (KOHA) | |
| Source of classification or shelving scheme | |
| Koha item type | Book |
| Withdrawn status | Lost status | Source of classification or shelving scheme | Damaged status | Not for loan | Permanent Location | Current Location | Shelving location | Date acquired | Full call number | Barcode | Date last seen | Price effective from | Koha item type | Public note |
|---|---|---|---|---|---|---|---|---|---|---|---|---|---|---|
| Military College of Signals (MCS) | Military College of Signals (MCS) | General Stacks | 12/12/2016 | 519.536,ALL | MCS7157 | 12/08/2016 | 12/12/2016 | Book | Almirah no.14, Shelf no.6 |
